Every Place in Minnesota on a Map - Statistics

General Stats
  • This quiz has been taken 225 times
  • The average score is 183 of 913
Answers on the Map
Answers color-coded by a green-red scale on the quiz's map according to % correct below.
 
Answer Stats
Population Place % Correct
429,954 Minneapolis
89%
86,697 Duluth
87%
311,527 St. Paul
87%
121,395 Rochester
80%
68,881 St. Cloud
67%
5,802 International Falls
61%
44,488 Mankato
59%
89,987 Bloomington
57%
44,505 Moorhead
54%
14,120 New Ulm
52%
14,574 Bemidji
50%
1,337 Grand Marais
50%
81,026 Plymouth
50%
14,395 Brainerd
48%
16,214 Hibbing
48%
19,394 Stillwater
48%
56,374 Apple Valley
46%
86,478 Brooklyn Park
46%
63,599 Coon Rapids
46%
9,176 East Grand Forks
46%
17,921 Anoka
43%
53,494 Edina
43%
53,781 Minnetonka
43%
43,698 Shakopee
43%
12,066 St. Peter
43%
25,948 Winona
43%
18,492 Albert Lea
41%
14,335 Alexandria
41%
26,174 Austin
41%
70,222 Blaine
41%
16,168 Buffalo
41%
64,317 Burnsville
41%
68,855 Eagan
41%
3,268 Ely
41%
24,453 Faribault
41%
23,632 Farmington
41%
11,126 Grand Rapids
41%
20,790 Northfield
41%
26,420 Owatonna
41%
25,650 Rosemount
41%
50,010 St. Louis Park
41%
3,633 Two Harbors
41%
21,015 Willmar
41%
12,568 Cloquet
39%
384 Herman
39%
69,490 Lakeville
39%
70,253 Maple Grove
39%
20,759 South St. Paul
39%
8,421 Virginia
39%
20,615 West St. Paul
39%
75,102 Woodbury
39%
33,782 Brooklyn Center
37%
7,482 Crookston
37%
14,119 Fergus Falls
37%
20,611 Forest Lake
37%
22,552 Golden Valley
37%
22,154 Hastings
37%
3,323 Jackson
37%
8,162 New Prague
37%
14,275 North Mankato
37%
16,547 Red Wing
37%
36,994 Richfield
37%
13,862 Sauk Rapids
37%
9,229 Waseca
37%
13,947 Worthington
37%
1,740 Ada
35%
9,611 Cambridge
35%
25,947 Chanhassen
35%
38,839 Cottage Grove
35%
9,869 Detroit Lakes
35%
64,198 Eden Prairie
35%
29,590 Fridley
35%
10,221 Hermantown
35%
13,628 Marshall
35%
5,105 Morris
35%
27,617 Prior Lake
35%
27,646 Ramsey
35%
1,786 Red Lake
35%
36,254 Roseville
35%
19,351 Sartell
35%
24,883 White Bear Lake
35%
2,247 Arlington
33%
11,686 | 464 Big Lake
33%
3,174 Blue Earth
33%
948 Carlton
33%
2,711 Foley
33%
960 Henderson
33%
1,904 Hinckley
33%
19,079 Hopkins
33%
14,599 Hutchinson
33%
6,804 Isanti
33%
6,656 Jordan
33%
6,624 Litchfield
33%
3,021 Milaca
33%
14,455 Monticello
33%
21,986 New Hope
33%
12,364 North St. Paul
33%
8,315 Orono
33%
19,966 Otsego
33%
4,500 Rockford
33%
4,555 Sauk Centre
33%
26,921 Shoreview
33%
8,749 Thief River Falls
33%
10,546 Victoria
33%
4,325 Wadena
33%
4,434 Wayzata
33%
3,726 Zumbrota
33%
2,955 Afton
30%
32,601 Andover
30%
23,919 Champlin
30%
27,810 Chaska
30%
5,558 Chisago City
30%
2,799 Cokato
30%
1,472 Dassel
30%
4,612 Dilworth
30%
25,835 Elk River
30%
3,493 Eveleth
30%
5,369 Falcon Heights
30%
215 Finland
30%
997 Houston
30%
15,766 Hugo
30%
4,213 Le Sueur
30%
4,888 Lindstrom
30%
1,518 Madison
30%
3,249 Montgomery
30%
3,665 Mora
30%
9,398 Mound
30%
3,797 Newport
30%
1,967 Nisswa
30%
10,787 North Branch
30%
28,303 Oakdale
30%
2,577 Pelican Rapids
30%
4,215 Pipestone
30%
4,819 Princeton
30%
13,295 Rogers
30%
32,465 Savage
30%
3,984 Scandia
30%
2,027 Springfield
30%
489 Stewart
30%
7,029 St. Joseph
30%
18,235 St. Michael
30%
13,033 Waconia
30%
966 Walker
30%
1,830 Warroad
30%
2,780 Albany
28%
7,896 Albertville
28%
1,618 Avon
28%
8,612 Baxter
28%
4,877 Becker
28%
7,395 Belle Plaine
28%
845 Blackduck
28%
4,220 Cannon Falls
28%
5,829 Carver
28%
3,896 Centerville
28%
4,775 Chisholm
28%
1,922 Clearwater
28%
4,164 Cold Spring
28%
4,159 Columbus
28%
2,360 Crosby
28%
3,899 Deephaven
28%
6,484 Delano
28%
1,712 Dundas
28%
3,278 Eagle Lake
28%
4,846 Elko New Market
28%
2,273 Gaylord
28%
16,464 Ham Lake
28%
3,548 Hanover
28%
1,111 Harris
28%
3,755 Independence
28%
6,851 Kasson
28%
10,819 Little Canada
28%
9,140 Little Falls
28%
1,240 | 231 Mahnomen
28%
8,138 Mahtomedi
28%
42,088 Maplewood
28%
202 Minnesota City
28%
8,262 Minnetrista
28%
2,789 Moose Lake
28%
23,454 New Brighton
28%
3,863 Norwood Young America
28%
2,343 Olivia
28%
3,130 Pine City
28%
3,769 Pine Island
28%
3,120 Proctor
28%
5,102 Redwood Falls
28%
1,857 Silver Bay
28%
3,452 Sleepy Eye
28%
2,307 St. Bonifacius
28%
6,687 Stewartville
28%
4,793 St. James
28%
12,912 Vadnais Heights
28%
8,341 Waite Park
28%
1,605 Warren
28%
4,798 Windom
28%
8,032 Wyoming
28%
683 Adams
26%
2,168 Aitkin
26%
1,678 Aurora
26%
966 Baudette
26%
1,695 Canby
26%
5,025 Circle Pines
26%
641 Clear Lake
26%
21,973 Columbia Heights
26%
534 Cook
26%
6,185 Corcoran
26%
23,330 Crystal
26%
7,262 Dayton
26%
10,487 Fairmont
26%
804 Fertile
26%
5,744 Glencoe
26%
2,657 Glenwood
26%
2,737 Granite Falls
26%
726 Greenwood
26%
35,801 Inver Grove Heights
26%
2,421 Janesville
26%
349 Jeffers
26%
21,399 Lino Lakes
26%
4,686 Lonsdale
26%
220 Lutsen
26%
4,946 Luverne
26%
1,315 Medford
26%
3,602 Melrose
26%
183 Mendota
26%
11,744 Mendota Heights
26%
1,366 Minneota
26%
1,143 Nicollet
26%
8,929 Oak Grove
26%
239 Oslo
26%
1,322 Preston
26%
1,301 Renville
26%
1,975 Rice
26%
2,382 Rockville
26%
2,744 Roseau
26%
7,783 Shorewood
26%
3,990 St. Charles
26%
1,055 Taylors Falls
26%
590 The Lakes
26%
1,442 Tonka Bay
26%
2,559 Wabasha
26%
4,659 Watertown
26%
1,750 Waterville
26%
1,900 Waverly
26%
3,330 Annandale
24%
9,939 Arden Hills
24%
1,285 Bagley
24%
4,024 Bayport
24%
88 Beltrami
24%
3,480 Benson
24%
961 Biwabik
24%
1,974 Blooming Prairie
24%
952 Buhl
24%
2,847 Caledonia
24%
747 Cleveland
24%
386 Clinton
24%
2,047 Cologne
24%
2,844 Dodge Center
24%
11,786 East Bethel
24%
70 Evan
24%
2,355 Excelsior
24%
1,250 Fairfax
24%
1,250 Goodhue
24%
906 Hallock
24%
1,012 Hector
24%
2,071 Howard Lake
24%
1,894 Kenyon
24%
5,276 La Crescent
24%
2,539 Lake Crystal
24%
11,335 Lake Elmo
24%
1,710 Lakeland
24%
724 Lanesboro
24%
2,517 Le Center
24%
2,248 Lexington
24%
6,837 Medina
24%
546 Minnetonka Beach
24%
5,398 Montevideo
24%
3,775 Montrose
24%
888 Morgan
24%
13,249 Mounds View
24%
2,878 Mountain Iron
24%
1,294 New York Mills
24%
5,272 North Oaks
24%
4,536 Nowthen
24%
2,688 Osseo
24%
4,142 Park Rapids
24%
3,512 Perham
24%
1,418 Pierz
24%
14,646 Robbinsdale
24%
498 Rothsay
24%
3,228 Rush City
24%
1,112 Spicer
24%
1,703 Stacy
24%
9,257 | 91 St. Anthony
24%
2,989 Staples
24%
750 St. Clair
24%
8,142 St. Francis
24%
522 Sunfish Lake
24%
430 Tower
24%
2,076 Tracy
24%
751 Walnut Grove
24%
2,410 Wells
24%
2,240 Winsted
24%
428 Wrenshall
24%
6,189 Zimmerman
24%
54 Angle Inlet
22%
469 Ashby
22%
1,124 Atwater
22%
2,759 Barnesville
22%
120 Beaver Bay
22%
476 Bethel
22%
400 Bigfork
22%
1,005 Bird Island
22%
1,769 Braham
22%
3,430 Breckenridge
22%
731 Brownton
22%
660 Buffalo Lake
22%
6,312 Byron
22%
629 Center City
22%
1,423 Clara City
22%
243 Climax
22%
2,006 Coleraine
22%
507 Cosmos
22%
2,394 Crosslake
22%
295 Dakota
22%
1,027 Eden Valley
22%
1,258 Edgerton
22%
708 Elysian
22%
2,082 Esko
22%
603 Evansville
22%
2,006 Eyota
22%
1,434 Fosston
22%
18 Funkley
22%
194 Garrison
22%
1,306 Glyndon
22%
560 Good Thunder
22%
1,127 Grand Meadow
22%
3,966 Grant
22%
2,903 Greenfield
22%
2,219 Hawley
22%
610 Jasper
22%
799 Kimball
22%
5,252 Lake City
22%
1,533 Lewiston
22%
809 Lilydale
22%
1,741 Long Lake
22%
1,247 Madison Lake
22%
1,111 Mantorville
22%
1,743 Maple Plain
22%
1,710 Mapleton
22%
664 Marine on St. Croix
22%
2,453 Mayer
22%
337 Medicine Lake
22%
949 Morristown
22%
410 Morton
22%
680 Motley
22%
1,252 New London
22%
1,229 New Richland
22%
329 Plato
22%
1,339 Red Lake Falls
22%
1,475 Richmond
22%
1,281 Royalton
22%
619 Sabin
22%
2,462 Sandstone
22%
866 Silver Lake
22%
288 Skyline
22%
7,188 Spring Lake Park
22%
3,497 St. Augusta
22%
651 Taconite
22%
739 Wabasso
22%
644 Warsaw
22%
991 Watkins
22%
263 Wilton
22%
1,332 Winthrop
22%
1,194 Adrian
20%
471 Altura
20%
1,392 Appleton
20%
544 Argyle
20%
1,397 Babbitt
20%
595 Balaton
20%
280 Beaver Creek
20%
78 Bock
20%
829 Bovey
20%
501 Brandon
20%
626 Brooten
20%
601 Butterfield
20%
675 Cass Lake
20%
405 Chokio
20%
513 Claremont
20%
147 Coates
20%
2,689 Cohasset
20%
734 Courtland
20%
215 Dalton
20%
1,466 Dawson
20%
330 Deer Creek
20%
1,171 Dellwood
20%
782 Dover
20%
109 Effie
20%
1,276 | 118 Elbow Lake
20%
1,115 Elgin
20%
676 Ellendale
20%
843 Emily
20%
403 Erskine
20%
422 Fisher
20%
493 Franklin
20%
1,335 Frazee
20%
675 Freeport
20%
528 Gem Lake
20%
508 Geneva
20%
86 Georgetown
20%
784 Gibbon
20%
4,158 Goodview
20%
591 Green Isle
20%
59 Gully
20%
744 Hampton
20%
863 Hancock
20%
1,043 Harmony
20%
1,364 Hayfield
20%
137 Heidelberg
20%
686 Hills
20%
2,020 Hoyt Lakes
20%
803 Isle
20%
560 Ivanhoe
20%
714 Kasota
20%
984 Keewatin
20%
266 Kensington
20%
492 Lafayette
20%
843 Landfall
20%
2,271 Lauderdale
20%
1,894 Lester Prairie
20%
646 Loretto
20%
2,396 Madelia
20%
319 Maynard
20%
874 Mazeppa
20%
428 Milan
20%
661 Minnesota Lake
20%
970 Nashwauk
20%
411 New Auburn
20%
4,849 Oak Park Heights
20%
388 Ogilvie
20%
784 Onamia
20%
1,802 Oronoco
20%
2,021 Ortonville
20%
2,395 Pequot Lakes
20%
377 Pine Springs
20%
782 Raymond
20%
274 | 4,112 Rice Lake
20%
1,256 Spring Grove
20%
1,734 Spring Park
20%
592 Stephen
20%
809 Stockton
20%
5,544 St. Paul Park
20%
1,138 Tyler
20%
441 Vermillion
20%
1,460 Wheaton
20%
157 Williams
20%
384 Willow River
20%
384 Woodland
20%
404 Akeley
17%
94 Alberta
17%
583 Alden
17%
535 Amboy
17%
560 Audubon
17%
620 Barnum
17%
857 Battle Lake
17%
738 Belgrade
17%
291 Belview
17%
175 Big Falls
17%
113 Biscay
17%
141 Boyd
17%
2,574 Breezy Point
17%
506 Brewster
17%
117 Brooks
17%
839 Browerville
17%
633 Brownsdale
17%
2,997 Chatfield
17%
392 Comfrey
17%
1,149 Cottonwood
17%
240 Cromwell
17%
458 Danube
17%
909 Deer River
17%
177 Easton
17%
295 Finlayson
17%
517 Floodwood
17%
84 Fort Ripley
17%
1,371 Fulda
17%
1,687 Gilbert
17%
263 Gonvick
17%
529 Graceville
17%
682 Greenbush
17%
624 Grove City
17%
294 Hackensack
17%
566 Hamburg
17%
199 Hitterdal
17%
553 Hokah
17%
743 Holdingford
17%
576 Ironton
17%
569 Kandiyohi
17%
258 Kelliher
17%
805 Kerkhoven
17%
148 Kilkenny
17%
687 Lake Benton
17%
1,735 Lakefield
17%
246 Lake Lillian
17%
792 Lamberton
17%
957 Le Roy
17%
2,159 Maple Lake
17%
271 Marion
17%
606 McIntosh
17%
1,999 Mountain Lake
17%
1,771 Osakis
17%
629 Ottertail
17%
1,020 Parkers Prairie
17%
2,388 Paynesville
17%
229 Pemberton
17%
3,483 Plainview
17%
107 Quamba
17%
466 Randolph
17%
569 Ranier
17%
1,860 Rushford
17%
226 Ruthton
17%
510 Sacred Heart
17%
987 Scanlon
17%
2,013 Slayton
17%
385 Soudan
17%
185 South Haven
17%
2,447 Spring Valley
17%
1,365 Starbuck
17%
797 St. Stephen
17%
1,092 Truman
17%
476 Ulen
17%
348 Vergas
17%
168 Warba
17%
710 Welcome
17%
861 West Concord
17%
515 Willernie
17%
388 Alvarado
15%
111 Avoca
15%
429 Badger
15%
216 Beardsley
15%
176 Bellechester
15%
560 Bertha
15%
863 Birchwood Village
15%
96 Borup
15%
279 Bowlus
15%
118 Brookston
15%
566 Brownsville
15%
661 Clarissa
15%
852 Clarkfield
15%
694 Clarks Grove
15%
224 Currie
15%
173 Dent
15%
221 Donnelly
15%
986 East Gull Lake
15%
279 Eitzen
15%
129 Elba
15%
168 Elizabeth
15%
497 Ellsworth
15%
132 Erhard
15%
177 Felton
15%
376 Ghent
15%
291 Granada
15%
564 Halstad
15%
53 Hatfield
15%
616 Hendricks
15%
289 Hendrum
15%
854 Henning
15%
57 Henriette
15%
613 Hill City
15%
958 Hilltop
15%
178 Holland
15%
61 Ihlen
15%
490 Jenkins
15%
415 Kellogg
15%
339 Lakeland Shores
15%
728 Lake Park
15%
1,043 Lake St. Croix Beach
15%
553 Littlefork
15%
3,661 Long Prairie
15%
522 Lyle
15%
716 Mabel
15%
610 Marble
15%
180 Meire Grove
15%
1,340 Menahga
15%
304 Middle River
15%
138 Miesville
15%
259 Milroy
15%
464 New Germany
15%
356 New Munich
15%
52 Norcross
15%
155 Northome
15%
203 Okabena
15%
413 Oklee
15%
211 Orr
15%
238 Pease
15%
234 Peterson
15%
911 Pine River
15%
276 Plummer
15%
520 Prinsburg
15%
678 Rollingstone
15%
741 Sebeka
15%
1,058 Sherburn
15%
273 St. Hilaire
15%
312 St. Martin
15%
353 St. Marys Point
15%
436 Sturgeon Lake
15%
186 Tenstrike
15%
88 Turtle River
15%
356 Underwood
15%
511 Verndale
15%
79 Viking
15%
62 Vining
15%
201 Waldorf
15%
1,113 Wanamingo
15%
758 Westbrook
15%
1,391 Winnebago
15%
155 Zumbro Falls
15%
97 Alpha
13%
87 Arco
13%
331 Askov
13%
263 Backus
13%
143 Bena
13%
145 Blomkest
13%
210 Bluffton
13%
132 Brook Park
13%
307 Buckman
13%
164 Campbell
13%
310 Canton
13%
464 Clearbrook
13%
153 Conger
13%
296 Cuyuna
13%
84 Darfur
13%
348 Darwin
13%
526 Deerwood
13%
172 Delavan
13%
324 Dexter
13%
58 Dovray
13%
549 Elmore
13%
213 Elrosa
13%
367 Emmons
13%
216 Flensburg
13%
28 Florence
13%
559 Foreston
13%
409 Fountain
13%
249 Frontenac
13%
568 Glenville
13%
330 Grey Eagle
13%
180 Grygla
13%
130 Hammond
13%
382 Hanska
13%
252 Hayward
13%
602 Heron Lake
13%
251 Hewitt
13%
23 Hillman
13%
698 Hoffman
13%
90 Holt
13%
110 Iron Junction
13%
710 Karlstad
13%
166 Kettle River
13%
10 Kinbrae
13%
184 Kingston
13%
178 Lake Bronson
13%
364 Lancaster
13%
436 Lynd
13%
196 Magnolia
13%
104 Mentor
13%
151 Millville
13%
58 Mizpah
13%
273 Nerstrand
13%
377 Nevis
13%
352 Newfolden
13%
78 Nielsville
13%
123 Odin
13%
231 Ostrander
13%
113 Perley
13%
599 Ponemah
13%
458 Racine
13%
607 Randall
13%
1,302 Redby
13%
43 Regal
13%
397 Rose Creek
13%
365 Rushmore
13%
348 Russell
13%
323 Sanborn
13%
1,142 Shafer
13%
179 Shelly
13%
254 Silver Creek
13%
73 Solway
13%
98 Squaw Lake
13%
70 Strandquist
13%
25 Strathcona
13%
58 St. Rosa
13%
326 Swanville
13%
67 Tintah
13%
705 Trimont
13%
487 Upsala
13%
266 Utica
13%
328 Vernon Center
13%
276 Vesta
13%
869 Vineland
13%
72 Wanda
13%
409 Waubun
13%
166 Wendell
13%
35 Aldrich
11%
45 Baker
11%
354 Ball Club
11%
366 Barrett
11%
227 Bigelow
11%
26 Boy River
11%
558 Browns Valley
11%
334 Calumet
11%
303 Ceylon
11%
279 Chandler
11%
155 Clements
11%
62 Clitherall
11%
36 Cobden
11%
223 Dennison
11%
20 Donaldson
11%
73 Dundee
11%
133 Dunnell
11%
546 Eagle Bend
11%
443 Fifty Lakes
11%
264 Freeborn
11%
339 Garden City
11%
349 Garfield
11%
227 Gary
11%
70 Genola
11%
226 Gilman
11%
112 Goodridge
11%
197 Greenwald
11%
123 Harding
11%
24 Johnson
11%
176 Kennedy
11%
488 Kiester
11%
152 Kinney
11%
653 La Prairie
11%
120 Lastrup
11%
41 Leonard
11%
202 Lismore
11%
153 Longville
11%
61 Manhattan Beach
11%
907 Martin Lake
11%
431 Miltona
11%
97 Minneiska
11%
47 Myrtle
11%
67 Nashua
11%
65 Nassau
11%
84 Nimrod
11%
118 Ormsby
11%
391 Remer
11%
77 Richville
11%
1,682 Rock Creek
11%
790 Rushford Village
11%
43 Sedan
11%
137 Shevlin
11%
103 Stanchfield
11%
57 St. Vincent
11%
94 Sunburg
11%
61 Taopi
11%
136 Taunton
11%
40 Trail
11%
99 Trommald
11%
98 Trosky
11%
723 Twin Valley
11%
235 Wahkon
11%
164 Waltham
11%
67 Whalan
11%
522 White Earth
11%
332 Wilmont
11%
174 Winger
11%
432 Wykoff
11%
78 Zemple
11%
16 Barry
9%
84 Bejou
9%
137 Bingham Lake
9%
85 Bruno
9%
123 Burtrum
9%
497 Carlos
9%
128 Clontarf
9%
305 Cyrus
9%
103 Danvers
9%
46 Delhi
9%
272 Dresbach
9%
75 Dumont
9%
243 Echo
9%
130 Elkton
9%
114 Elmdale
9%
392 Fairhaven
9%
123 Federal Dam
9%
170 Forada
9%
124 Garvin
9%
154 Grasston
9%
189 Hardwick
9%
321 Hartland
9%
55 Hazel Run
9%
308 Hollandale
9%
189 Homer
9%
65 Kent
9%
212 Knife River
9%
1,056 Lake Shore
9%
254 Lake Wilson
9%
79 La Salle
9%
92 Lengby
9%
50 Leonidas
9%
202 Leota
9%
1,021 Little Rock
9%
214 Lucan
9%
332 Mahtowa
9%
52 Manchester
9%
144 Mapleview
9%
103 McKinley
9%
134 Meadowlands
9%
140 Merrifield
9%
306 Murdock
9%
504 Naytahwaush
9%
182 Nelson
9%
230 Nett Lake
9%
86 New Trier
9%
223 Northrop
9%
208 Ogema
9%
282 Osage
9%
479 Pennock
9%
507 Pillager
9%
166 Porter
9%
118 Riverton
9%
71 Ronneby
9%
153 Roosevelt
9%
130 Roscoe
9%
377 Round Lake
9%
212 Rutledge
9%
82 Seaforth
9%
210 Sobieski
9%
68 Spring Hill
9%
93 St. Leo
9%
134 | 192 Twin Lakes
9%
52 Urbank
9%
225 Villard
9%
44 Westport
9%
92 West Union
9%
169 Winton
9%
71 Wolf Lake
9%
381 Wood Lake
9%
110 Woodstock
9%
168 Wright
9%
348 Bricelyn
7%
178 Callaway
7%
62 Cedar Mills
7%
128 Chickamaw Beach
7%
100 Comstock
7%
26 Correll
7%
367 Crown College
7%
36 Doran
7%
75 Fish Lake
7%
126 Foxhome
7%
216 Frost
7%
54 Hadley
7%
58 Halma
7%
243 Hanley Falls
7%
56 Hubbard
7%
41 Humboldt
7%
60 Kenneth
7%
233 Lake George
7%
72 Lake Henry
7%
132 Lansing
7%
134 Laporte
7%
204 Lewisville
7%
31 Louisburg
7%
334 Lowry
7%
116 Marietta
7%
384 McGregor
7%
100 Millerville
7%
103 Odessa
7%
162 Palisade
7%
89 Revere
7%
63 Sargeant
7%
192 Searles
7%
171 Steen
7%
225 Storden
7%
62 Tamarack
7%
14 The Ranch
7%
69 Walters
7%
182 Watson
7%
62 Wilder
7%
128 Wolverton
7%
103 Beaulieu
4%
148 Bellingham
4%
110 De Graff
4%
37 Denham
4%
50 Ebro
4%
49 Essig
4%
126 High Forest
4%
87 Holloway
4%
200 Inger
4%
166 Iona
4%
71 Kerrick
4%
41 McGrath
4%
20 Midway
4%
31 Pine Bend
4%
293 Riverland
4%
30 Roy Lake
4%
56 Farwell
2%
338 Long Beach
2%
157 Pickwick
2%
281 Pine Point
2%
34 South End
2%
1,585 St. John's University
2%
56 West Roy Lake
2%
70 Whipholt
2%
51 Goodland
0%
No matching quizzes found
Score Distribution
Percent of People with Each Score
Percentile by Number Answered
Your Score History
You have not taken this quiz